| 000 | 00647nam a2200217 4500 | ||
|---|---|---|---|
| 001 | 111721 | ||
| 003 | ES-MaACL | ||
| 005 | 20250913172327.0 | ||
| 007 | t| | ||
| 008 | 061121s1985 sp r ||||1| spa d | ||
| 020 | _a84-252-1425-3 | ||
| 100 | 1 |
_aNasr, Seyyed Hossein. _984971 |
|
| 245 | 1 | 0 |
_aVida y pensamiento en el Islam / _cSeyyed Hossein Nasr ; [ versión de Esteve Serra]. |
| 260 |
_aBarcelona : _bHerder, _c1985. |
||
| 300 |
_a321 p. ; _c22 cm. |
||
| 490 | 1 |
_aRota mundi ; _v5 |
|
| 700 | 1 |
_aSerra Arús, Esteve _9160366 |
|
| 830 | 0 |
_aRota mundi ; _v5 _9232149 |
|
| 852 |
_aES-MaACL _jL-7650 _bR.108239 |
||
| 999 |
_c111721 _d111721 |
||